Capitales avec la lettre D - Statistiques

Statistiques générales
  • Ce quiz a été pris 339 fois
    306 depuis la dernière actualisation
  • Le résultat moyen est 29 sur 40
Statistiques - réponses
Hint Réponse % Correct
D Dublin
91%
D Djibouti
87%
D Dacca
86%
D Damas
85%
DD Madrid
85%
D Budapest
84%
D Dakar
83%
D Doha
83%
D Londres
82%
D New Delhi
82%
DD Dodoma
80%
DD Addis-Abeba
79%
D Andorre-la-Vieille
79%
DD Bagdad
78%
D Douchanbé
78%
D Islamabad
77%
D Amsterdam
75%
D Abou Dabi
74%
D Podgorica
74%
D Yaoundé
74%
D Riyad
71%
D Dili
70%
D Saint-Domingue
69%
D Djouba
68%
D Luanda
68%
D Belgrade
67%
D Katmandou
67%
D Montevideo
67%
D Vaduz
67%
D Windhoek
67%
D Mogadiscio
66%
D N'djamena
66%
D Bandar Seri Begawan
64%
D Bridgetown
64%
D San Salvador
60%
D Sri Jayawardenapura Kotte
57%
D Ouagadougou
56%
D Port d'Espagne
55%
D Naypyidaw
53%
D Ngerulmud
37%
Aucun quiz correspondant
Distribution des résultats
% des personnes avec chaque résultat
Percentile par nombre de réponses
Votre historique - résultats
Vous n’avez pas pris ce quiz depuis la dernière actualisation